Szczegóły MARC21

The Oxford English dictionary. Volume 1, A-Bazouki /

005 -DATA I CZAS OSTATNIEJ MODYFIKACJI [,]
    • @
    • pole kontrolne
    • 20180711121332.0
020 -Międzynarod. znormalizowany nr książki - ISBN [ , ]
    • a
    • Numer ISBN
    • 0198612133 Find
    • q
    • Dopowiedzenie
    • vol.1
020 -Międzynarod. znormalizowany nr książki - ISBN [ , ]
    • a
    • Numer ISBN
    • 0198611862 Find
    • q
    • Dopowiedzenie
    • set
040 -Instytucja sporządzająca opis [ , ]
    • a
    • Instytucja, która sporządziła opis (NP)
    • SZCZ U/EP
    • c
    • Instytucja, która sporządziła rekord (NP)
    • SZCZ U/EP
041 -Język dokumentu [ , ]
    • a
    • Język tekstu (P)
    • angielski
044 -Kraj miejsca wydania [ , ]
    • a
    • Kraj miejsca wydania
    • Wielka Brytania po 1988
942 -Rodzaj dokumentu [ , ]
    • c
    • Rodzaj dokumentu
    • Książka
245 -Strefa tytułu i oznaczenia odpowiedzialności [0,4]
    • a
    • Tytuł
    • The Oxford English dictionary. Find
    • n
    • Oznaczenie części (P)
    • Volume 1,
    • p
    • Nazwa części (P)
    • A-Bazouki /
    • c
    • Pozostałe elementy strefy tytułu i oznaczenia odpowiedzialności (NP)
    • prepared by J.A. Simpson and E.S.C. Weiner.
250 -Strefa wydania [ , ]
    • a
    • Oznaczenie wydania (NP)
    • Second Edition.
260 -Strefa adresu wydawniczego [ , ]
    • a
    • Miejsce wydania (P)
    • Oxford :
    • b
    • Nazwa wydawcy (P)
    • Clarendon Press,
    • c
    • Data wydania (P)
    • 1989.
300 -Strefa opisu fizycznego [ , ]
    • a
    • Określenie formy książki i/lub objętość (NP)
    • LXVIII, 1019 stron ;
    • e
    • Oznaczenie dokumentu towarzyszącego (NP)
    • 31 cm.
336 -Typ zawartości [ , ]
    • a
    • Termin opisujący typ zawartości
    • Tekst
    • b
    • Kod określający zawartość
    • txt
    • 2
    • Źródło (terminu i kodu)
    • rdacontent
337 -Typ mediów [ , ]
    • a
    • Tryb odtwarzania
    • Bez urządzenia pośredniczącego
    • b
    • Kod typu mediów
    • n
    • 2
    • Źródło (terminu i kodu)
    • rdamedia
338 -Typ/rodzaj nośnika [ , ]
    • a
    • Hasło opisujące typ nośnika
    • Wolumin
    • b
    • Kod typu nośnika
    • nc
    • 2
    • Źródło (terminu i kodu)
    • rdacarrier
650 -Hasło przedmiotowe [0,9]
    • 9
    • KHW
    • 199201
    • a
    • Hasło przedmiotowe
    • Encyklopedie i słowniki angielskie.
700 -Hasło dodatkowe - nazwa osobowa [1, ]
    • 9
    • KHW
    • 743
    • a
    • Nazwa osobowa (NP)
    • Simpson, John Andrew Find
    • d
    • Daty biograficzne (NP)
    • (1953-).
    • e
    • Określenie rodzaju współpracy
    • Redaktor
700 -Hasło dodatkowe - nazwa osobowa [1, ]
    • 9
    • KHW
    • 92434
    • a
    • Nazwa osobowa (NP)
    • Weiner, Eric Find
    • d
    • Daty biograficzne (NP)
    • (1963- ).
    • e
    • Określenie rodzaju współpracy
    • Redaktor
710 -Hasło dodatkowe - nazwa ciała zbiorowego [2, ]
    • a
    • Nazwa ciała zbiorowego lub nazwa geograficzna jako pierwszy element (NP)
    • Clarendon Press.
    • e
    • Rodzaj współpracy
    • Wydawca
    • 4
    • Kod relacji
    • pbl
920 -ISBN [ , ]
    • a
    • ISBN
    • 0-19-861213-3 Find
    • q
    • Dopowiedzenie
    • vol.1
920 -ISBN [ , ]
    • a
    • ISBN
    • 0-19-861186-2 Find
    • q
    • Dopowiedzenie
    • set
Numer inwentarzowy Status udost. Lokalizacja Sygnatura
A.281BMANG. Słowniki jęz. ang. 01